| 000 | 02482nam a2200697 4500 | ||
|---|---|---|---|
| 001 | 20014 | ||
| 003 | VRT | ||
| 005 | 20260114092227.0 | ||
| 008 | 251103s2025 xo o g cn 000 0dslo d | ||
| 020 |
_a9788085746976 _q(brožované) |
||
| 039 | 9 |
_a202511050823 _bmsvkbb05 |
|
| 040 |
_aSVKBB _bslo _cSVKBB _erda |
||
| 041 | 0 | _aslo | |
| 043 | _ae-xo--- | ||
| 044 |
_axo _cSK |
||
| 072 | 7 |
_a72/76 _xVýtvarné umenie _2konspekt |
|
| 080 |
_a75.071.1 _22011 |
||
| 080 |
_a(083.824) _22011 |
||
| 080 |
_a(084.11) _22011 |
||
| 080 |
_a(437.6) _22011 |
||
| 080 |
_a72/76 _22011 |
||
| 100 | 1 |
_aBartoš, Peter _4art |
|
| 245 | 1 | 0 |
_aAko ich nepoznáme _ckurátorka, texty: Barbora Kurek Geržová |
| 264 | 1 |
_aNitra _bNitrianska galéria |
|
| 300 |
_a101 strán _bfarebné fotografie _c26 cm |
||
| 336 |
_atext _btxt _2rdacontent |
||
| 336 |
_astatický obraz _bsti _2rdacontent |
||
| 337 |
_abez média _bn _2rdamedia |
||
| 338 |
_azväzok _bnc _2rdacarrier |
||
| 366 | _e200 kusov | ||
| 500 | _aKatalóg bol vydaný k projektu Ako ich nepoznáme, kotrý je súčasťou cyklu výstav pripravovaných pri príležitosti 60. výročia založenia Nitrianskej galérie | ||
| 504 | _aObsahuje bibliografické odkazy | ||
| 650 | 0 | 7 |
_amaliari _2SNKPH |
| 650 | 0 | 7 |
_aPainters _2SNKPHeng |
| 650 | 0 | 7 |
_avýtvarné umenie _2SNKPH |
| 650 | 0 | 7 |
_aFine art _2SNKPHeng |
| 651 | 7 |
_aSlovensko _2SNKPHgeo |
|
| 651 | 7 |
_aSlovakia _2SNKPHeng |
|
| 655 | 7 |
_akatalógy výstav _2SNKPH |
|
| 655 | 7 |
_aExhibition catalogs _2SNKPHeng |
|
| 655 | 7 |
_aobrazové publikácie _2SNKPH |
|
| 655 | 7 |
_aPictorial works _2SNKPHeng |
|
| 700 | 1 |
_aBenka, Martin, _d1888-1971 _4art |
|
| 700 | 1 |
_aČarný, Ladislav, _d1949- _4art |
|
| 700 | 1 |
_aFilko, Stanislav, _d1937-2015 _4art |
|
| 700 | 1 |
_aGuderna, Ladislav, _d1921-1999 _4art |
|
| 700 | 1 |
_aJakoby, Július, _d1903-1985 _4art |
|
| 700 | 1 |
_aKlimo, Alojz, _d1922-2000 _4art |
|
| 700 | 1 |
_aKoller, Július, _d1939-2007 _4art |
|
| 700 | 1 |
_aPascoe Mikyšková, Monika, _d1983- _4art |
|
| 700 | 1 |
_aNicz, Miroslav, _d1963- _4art |
|
| 700 | 1 |
_aPaštéka, Milan, _d1931-1998 _4art |
|
| 700 | 1 |
_aPopovič, Vladimír, _d1939-2025 _4art |
|
| 700 | 1 |
_aŠimerová-Martinčeková, Ester, _d1909-2005 _4art |
|
| 700 |
_aKurek Geržová, Barbora _4cur _4aut |
||
| 700 | 1 |
_aŠakový, Adam, _d1987- _4pht |
|
| 700 | 1 |
_aBízik, Martin, _d1996- _4bkd |
|
| 942 |
_2ddc _cKLDO _n0 |
||
| 949 |
_6273K0699575 _asvkpoC 65251 _bsvkpo688632 |
||
| 949 |
_6270001000632271 _asvkbbC 67942 _bsvkbbm 817188 |
||
| 999 |
_c20014 _d20014 |
||